Statistiche per Riconosci il Calciatore - Quiz n°21

Clicka qui per fare il quiz!

Statistiche generali

  • Questo quiz è stato fatto 14 volte
  • Il punteggio medio è 15 su 18

Statistiche sulle risposte

IndizioRisposta% Corretto
RuoloCentrocampista
100%
NazionalitàGermania
100%
Data di nascita04/04/1987
92%
Squadra di club 4Juventus 2015-2021
92%
Trofei per clubCampionato tedesco: 1
Stoccarda: 2006-2007
Campionato spagnolo: 1
Real Madrid: 2011-2012
Coppa di Spagna: 2
Real Madrid: 2010-2011, 2013-2014
Supercoppa di Spagna: 1
Real Madrid: 2012
Campionato italiano: 5
Juventus: 2015-2016, 2016-2017, 2017-2018, 2018-2019, 2019-2020
Coppa Italia: 3
Juventus: 2015-2016, 2016-2017, 2017-2018
Supercoppa italiana: 3
Juventus: 2015, 2018, 2020
UEFA Champions League: 1
Real Madrid: 2013-2014
Supercoppa UEFA: 1
Real Madrid: 2014
Coppa del mondo per club: 1
Real Madrid: 2014
85%
Squadra di club 5Hertha Berlino 2021-2021
85%
Squadra di club 3Real Madrid 2010-2015
85%
Altezza189 cm
77%
Presenze nei club469
77%
Gol nei club47
77%
Gol in nazionale7
77%
Presenze in nazionale77
77%
Peso90 kg
77%
Trofei per nazionaliCampionato d'Europa Under-21: 1
Svezia 2009
Campionato mondiale: 1
Brasile 2014
77%
Trofei individualiEuropei Top 11: 1
Polonia-Ucraina 2012
77%
CalciatoreSami Khedira
77%
Squadra di club 2Stoccarda 2006-2010
77%
Squadra di club 1Stoccarda II 2004-2006
77%

Distribuzione punteggi

Percentile per numero di risposta

Percentuale di utenti per punteggio

I tuoi punteggi nel tempo

Non hai fatto questo quiz